[Event "Petrov Memorial op"]
[Site "St Petersburg"]
[Date "2000.02.10"]
[Round "4"]
[White "Tunik, Gennady"]
[Black "Ionov, Sergey"]
[Result "0-1"]
[WhiteElo "2442"]
[BlackElo "2558"]
[Annotator "Gershon,A"]
[PlyCount "114"]
[EventDate "2000.02.05"]
[EventType "swiss"]
[EventRounds "9"]
[EventCountry "RUS"]
[SourceTitle "CBM 076"]
[Source "ChessBase"]
[SourceDate "2000.05.31"]
[SourceVersion "1"]
[SourceVersionDate "2000.05.31"]
[SourceQuality "1"]

{[%mdl 32768]} 1. d4 Nf6 2. c4 e6 3. Nf3 b6 4. g3 Ba6 5. b3 Bb4+ 6. Bd2 Be7 7.
Bg2 c6 8. Bc3 d5 9. Ne5 Ne4 {Perhaps a revival of the line the last GM game in
which was played in 1997} 10. O-O Nxc3 11. Nxc3 O-O 12. e4 $6 $146 {Revealing
the plans a bit too soon to my taste.} (12. Rc1 Bf6 (12... Bb7 13. e4 dxc4 14.
Nxc4 Nd7 15. d5 cxd5 16. exd5 exd5 17. Nxd5 Bxd5 18. Qxd5 Rc8 19. Rfd1 Nf6 20.
Qb7 Qc7 21. Qxc7 Rxc7 $11 {1/2-1/2 Grabarczyk,M-Pieniazek,A/Krynica 1997/CBM
61 ext (32)}) 13. cxd5 cxd5 14. f4 (14. b4 $2 {[%csl Gc4]} Bxe5 15. dxe5 Bc4
16. f4 Nc6 17. a3 b5 18. Kh1 Qb6 19. Qe1 a5 $17 {0-1 Hultin,J-Rytshagov,M/
Stockholm 1997/EXT 98 (28)}) 14... Bxe5 15. dxe5 Nd7 16. Re1 Rc8 17. e4 Nc5 18.
Bf1 Bxf1 19. Kxf1 dxe4 20. Qxd8 Rcxd8 21. Rc2 Rc8 22. Nb5 f5 23. exf6 gxf6 24.
Nd6 Rcd8 25. Nxe4 Nxe4 26. Rxe4 Rd6 $11 {1/2-1/2 Van Wely,L-Adams,M/Groningen
1997/CBM 63 (49)}) (12. Re1 Bb7 13. e4 dxc4 14. Nxc4 b5 15. Ne3 Nd7 16. e5 Qb6
17. Nc2 Rad8 18. Qf3 Qa5 19. Qe3 b4 20. Na4 Qc7 21. Rac1 c5 22. Bxb7 Qxb7 23.
Nxc5 Nxc5 24. dxc5 Rc8 25. c6 Rxc6 26. Nd4 Rcc8 27. Rxc8 Rxc8 28. Rc1 Rc5 {
1/2-1/2 Khalifman,A-Adams,M/Germany 1996/GER-chT (28)}) (12. Qd2 $5 Bb7 13. e4
dxc4 14. Nxc4 b5 15. Ne3 Nd7 16. Rfd1 Qb6 17. Kh1 Rfd8 18. f4 Nf8 19. Ne2 a5
20. Rac1 Rac8 21. Rc2 g6 22. Qc1 c5 23. d5 exd5 24. Nxd5 Bxd5 25. exd5 Nd7 26.
Nd4 Bf8 27. Nc6 $16 {1/2-1/2 Oll,L-Gulko,B/Polanica Zdroj 1996/CBM 55 (40)})
12... dxc4 13. Nxc4 b5 14. Ne3 Nd7 (14... b4 $6 15. Ne2 Bxe2 16. Qxe2 Qxd4 17.
Rfd1 Qb6 18. Nc4 Qc7 19. e5 {Black's extra pawn is barely felt here, but white
pieces get a very good play}) 15. Rc1 Rc8 16. Ne2 Qb6 17. Rc2 (17. d5 $5 cxd5 (
17... c5 $2 18. dxe6 Qxe6 19. Nf4 Qc6 20. Nfd5 {[%cal Gd5b4]} Qe6 21. Bh3 Qxh3
22. Nxe7+ $18) (17... Ba3 $2 18. dxe6 Ne5 19. exf7+ Rxf7 20. Rc2 Rd8 21. Rd2
$16) 18. exd5 Rxc1 19. Qxc1 Rc8 20. Qd2 b4 21. Rd1 Ne5 $13) 17... Rfd8 18. Qc1
(18. d5 c5 {Now the knight is already protected, so there are no accidents on
d7.}) 18... c5 19. d5 Ne5 {[%csl Yd3][%cal Ge5d3,Gb5b4]} 20. a3 $2 {Getting a
very difficult position by force} (20. Rd1 $142 b4 21. Nf4 (21. Nc4 Nxc4 22.
bxc4 exd5 23. exd5 Bf6 $15) (21. Rcd2 c4 22. dxe6 cxb3 23. Rxd8+ Bxd8 24. exf7+
Nxf7 25. Qd2 bxa2 26. Qxa2 b3 $17) 21... Bg5 {[%csl Rd3]} 22. Rcd2 Bxf4 (22...
exd5 23. Nfxd5 $18 {[%cal Gf2f4]}) (22... c4 $143 {[%csl Rc1][%cal Gc8c1]} 23.
dxe6 Rxd2 (23... cxb3 24. Rxd8+ Bxd8 25. Qb2 {[%csl Re5]} Bf6 26. exf7+ Nxf7
27. Qxb3 $18) 24. exf7+ (24. Qxd2) 24... Nxf7 25. Qxd2 Bxf4 26. gxf4 c3 27. Qc2
$16) 23. gxf4 Ng6 24. dxe6 fxe6 25. Rxd8+ Rxd8 26. Rxd8+ Qxd8 27. Qxc5 Nxf4 28.
Qxb4 e5 $44) 20... b4 {[%csl Ra3,Rb3]} 21. Nc4 $2 {After this the 'b' pawn
becomes unstoppable, but there is really no good advice in this position.} (21.
Rd1 Nd3 {[%csl Ra3]} 22. Qa1 Bf6 23. Qa2 c4 $17) ({the least of evil would be} 
21. axb4 Nd3 22. Qd2 Nxb4 $36) 21... Nxc4 22. bxc4 b3 23. Rd2 exd5 24. exd5 Bf6
$17 25. Nf4 $6 {A blunder in a difficult position} (25. Be4 Re8 26. Bd3 g6 (
26... b2 $143 27. Qc2 Qa5 28. Bxh7+ Kh8 29. Bd3 Qxa3 $17 {[%csl Rh8][%cal
Ga7a2]}) 27. Nc3 Rb8 28. Ne4 Bg7 $17) 25... b2 26. Qc2 Bxc4 {[%cal Gc4a2]} 27.
Qxc4 b1=Q 28. Rxb1 Qxb1+ $19 29. Bf1 Bd4 (29... Qa1 $142 {[%cal Ga1c3] Black
should have swapped the queens off the board after which white can stop the
clock}) 30. Re2 Qb7 $6 31. h4 Rb8 32. Kh2 Qc7 33. Bg2 Re8 {With his last few
moves black got himself into a passive position allowing his opponent to
create some kind of a first line of defence making the realization much harder.
} 34. Rd2 Qd6 (34... Qa5 $142 {The Q is by far white's most important piece
here.}) 35. Nh3 h6 36. Ng1 Rb2 37. Rxb2 Bxb2 38. Nf3 Bf6 (38... Bxa3 39. Qa4 {
[%csl Ra3,Re8]}) 39. Nd2 Bd4 40. f4 f5 41. Qd3 g6 42. Nc4 {Now white has
reached the the best position he could think of some 10 move ago, however, his
position is still lost.} Qf6 43. d6 Qe6 44. Qb3 {[%csl Gb3,Rg8][%cal Gb3g8]}
Kf8 45. Qb5 g5 $1 {[%csl Rh2]} 46. d7 Rd8 47. hxg5 hxg5 {[%cal Ge6h6]} 48. Qc6
Ke7 49. Qxe6+ Kxe6 50. Bc6 g4 51. Kg2 Rxd7 {The easiest way, without giving
white any unnecessary chances} 52. Bxd7+ Kxd7 53. Kf1 Ke6 54. Ke2 Kd5 55. Nd2
c4 56. Nb1 Bb2 57. a4 Kd4 0-1

[Event "RUS-chT 09th Group2"]
[Site "Ekaterinburg"]
[Date "2002.05.19"]
[Round "3"]
[White "Vaulin, Alexander"]
[Black "Baklan, Vladimir"]
[Result "0-1"]
[WhiteElo "2560"]
[BlackElo "2618"]
[Annotator "Gershon,A"]
[PlyCount "70"]
[EventDate "2002.05.17"]
[EventType "team-tourn"]
[EventRounds "7"]
[EventCountry "RUS"]
[SourceTitle "CBM 090"]
[Source "ChessBase"]
[SourceDate "2002.09.20"]
[SourceVersion "1"]
[SourceVersionDate "2002.09.20"]
[SourceQuality "1"]
[WhiteTeam "Nizhny Tagil Politekhnik"]
[BlackTeam "Kazan Ladya"]
[WhiteTeamCountry "RUS"]
[BlackTeamCountry "RUS"]

1. d4 Nf6 2. c4 e6 3. Nf3 b6 4. g3 Ba6 5. b3 Bb7 6. Bg2 Bb4+ 7. Bd2 c5 {
black gives up on a cental pressure (after Bb4 cxb4) but instead gets a pawn
majority on the Q side, and his pawn on b4 will prevent white from deveoping
normally (by taking away the c3 square). This line usually leads to sharp
battles, where white breaks in the center, and black, at his turn, tries to
organize a sufficient counterplay.} 8. O-O O-O 9. Bxb4 cxb4 10. Nbd2 d6 11. Qc2
(11. a3 {is too slow, allowing black to realatively easily develop his forces.}
bxa3 12. Rxa3 a5 13. Qb1 Na6 14. Rd1 Re8 15. Ng5 Bxg2 16. Kxg2 Qe7 17. Ra2 Nb4
$11 {1/2-1/2 Adianto,U-Kortschnoj,V/Manila 1992/TD (67). (66)}) 11... Qc7 {
Vladimir chooses a more flexible move than the one he played in his earlier
game against Sharyazdanov.} (11... Nc6 {the idea of this move is to provoke
white into playing d4-d5 , and thus get the hold of an important c5 square for
his pieces. However, it invokes some time loss time black, whereas he could
execute the same idea without spending time on Nc6.} 12. e4 (12. a3 $6 a5 13.
e4 bxa3 14. Rxa3 Nb4 $15 {[%cal Ge6e5,Gf8e8]}) 12... e5 13. d5 Nb8 {[%cal
Gb8d7,Gd7c5]} 14. a3 bxa3 (14... Na6 $1 {[%cal Gb4a3,Ga6b4,Ga7a5] Rabinovich})
15. b4 $1 a5 16. c5 {Led to a very sharp and unclear position in: 1-0
Shariyazdanov,A-Baklan,V/Neum 2000/CBM 80/[Rabinovich,A] (43)}) ({another
possibility is to keep the queen away from the 'c' file:} 11... Qe7 12. e4 e5
13. Nh4 g6 14. f4 Nbd7 15. Rae1 Rae8 16. Qd3 exd4 17. Qxd4 Nc5 $11 {0-1
Romsdal,T-Aagaard,J/Copenhagen DEN 2002/The Week in Chess 402 (29)}) 12. e4 e5
13. Rfe1 a5 14. Rad1 Re8 {Neither player is in hurry to clarify the stuation
in the center, but rather improve their pieces' positions.} 15. Nf1 {[%csl Rd5]
[%cal Gf1e3,Ge3d5,Ye3f5]} Nbd7 16. Nh4 {Protecting the 'e' pawn on view of the
future developments in the center.} g6 {black cannot allow white knight
getting to f5.} 17. Ne3 exd4 18. Rxd4 {[%csl Rd6,Re4]} Nc5 {Black's 'd' pawn
is compromised, and he must seek for a counterpaly immediately.} 19. f3 a4 $1 {
the only way to go is to distract white on the Qside.} ({passive defence would
have led black to nowhere.} 19... Rad8 20. Red1 {[%csl Rd6][%cal Gc2d2,Ge3f5,
Rd2h6]}) 20. Red1 axb3 21. axb3 Ra3 22. Rxd6 Rxb3 23. Nef5 $1 {White plays
against black king, and it gives his a big lead.} (23. Rxf6 {is hardly enough}
Rxe3 {and black's advanced 'b' pawn secures him good chances.}) 23... Rc3 $2 (
23... gxf5 24. Nxf5 $1 {[%cal Gc2d2]} ({black is fine after:} 24. Rxf6 fxe4 {
[%cal Ge4e3] and it's hard to tell whose king is more exposed}) 24... Nh5 $1 {
only move. This is probably the resource black missed.} 25. Qc1 Ng7 {and black
survives.}) 24. Qd2 Ne6 25. Kh1 Rxc4 {must free the 'c' file for counterplay,
but black is always one step behind.} (25... Qxc4 {would have weakened the 7th
rank too much.} 26. e5 (26. Qh6 {[%cal Gd6e6]} Qc7 $17) 26... Rc2 27. Nh6+ (27.
Qh6 Qe2 28. exf6 gxf5 29. Rf1 {[%cal Gd6e6,Gh4f5]})) 26. e5 Rc2 27. Nh6+ Kh8 (
27... Kf8 28. Qxb4 {winning}) 28. Nxf7+ $1 Kg8 29. Nh6+ Kh8 30. Qxb4 Nd5 31.
Qa4 (31. Qb5 $1 {[%csl Rd5,Re8][%cal Gb5e8,Gb5d5,Gb5f1] was much stronger.
Attacking two black pieces, and keeping an eye on defence.} Bc6 32. Qd3 {
[%csl Rc2,Rd5]}) (31. R6xd5 $4 {of course not} Bxd5 32. Rxd5 Rc1+) 31... Re7
32. Ng4 $2 (32. R6xd5 $2 {would run into a clever trap set by black:} Bxd5 33.
Rxd5 Rc1+ 34. Rd1 Qa7 $3 35. Qb3 Qa1 $19) (32. Qb3 $142 {with a big advantage.}
) 32... Rc1 33. Nf6 $4 {A gross blunder.} (33. Bf1 {white must close the first
rask, preventing black from vapturing the rook with a check.} b5 34. Qb3 Nc5
35. Rxc1 Nxb3 36. Rxc7 {and black should not be able to survive.}) 33... b5 34.
Qb3 Qc3 {and now white loses a rook.} 35. Qxc3 Rxd1+ 0-1

[Event "RUS-chT 09th Group2"]
[Site "Ekaterinburg"]
[Date "2002.05.19"]
[Round "3"]
[White "Tregubov, Pavel V"]
[Black "Jakovenko, Dmitrij"]
[Result "1/2-1/2"]
[WhiteElo "2627"]
[BlackElo "2557"]
[Annotator "Gershon,A"]
[PlyCount "51"]
[EventDate "2002.05.17"]
[EventType "team-tourn"]
[EventRounds "7"]
[EventCountry "RUS"]
[SourceTitle "CBM 090"]
[Source "ChessBase"]
[SourceDate "2002.09.20"]
[SourceVersion "1"]
[SourceVersionDate "2002.09.20"]
[SourceQuality "1"]
[WhiteTeam "Maykop Universitet"]
[BlackTeam "Surgut Yugra"]
[WhiteTeamCountry "RUS"]
[BlackTeamCountry "RUS"]

1. d4 Nf6 2. c4 e6 3. Nf3 b6 4. g3 Ba6 5. Nbd2 {Tregubov's favorite line
against the Queen's Indian setup by black. With this last move white places
his knight to a slightly passive position, and blacks his own bishop. However,
this move allows his to conviniently develop his K side, without worrying
about black undermining the center.  Black has two basically deifferent
approaches here: 5...c5, trying to provoke some center battle, before white
has completed his development, and the one chosen in this game} d5 {This move
is very logical, of course. The pawn undelines the drawbacks of white's last
move, by limiting the mobility of Nd2 to zero, or about.} 6. Bg2 Be7 7. O-O O-O
8. Ne5 c5 {If white could have his knight on c3, rather than on d2 in this
position, that would assure him an unpleasant pressure on black's center.
However, in the current formation, black is right in time before white is able
to regroup.} 9. dxc5 Bxc5 ({another move worth considering is} 9... bxc5 10. e4
({but not} 10. cxd5 exd5 {and white is not ready to play against the "hanging
pawn pair" in the center, whereas black, after Re8, already has most of his
pieces in place for counterplay.}) 10... dxc4 11. Ndxc4 Nfd7 12. Re1 Nxe5 13.
Nxe5 f6 (13... Qc7 {should've been enough as well.}) 14. Ng6 $5 hxg6 15. e5 Nc6
16. Bxc6 Qxd1 17. Rxd1 Rad8 $11 {1/2-1/2 Tregubov,P-Zontakh,A/Krasnodar 2000/
EXT 2001 (26). (25)}) 10. cxd5 $146 {with this move order white is able to
keep his e5 N in the game. However, this fact doesn't change the eveluation.} (
{in one of his previous games Tregubov tested:} 10. Nb3 {but after} Nbd7 11.
Nxd7 Qxd7 12. Nxc5 bxc5 13. cxd5 exd5 14. Bg5 Rae8 $1 15. Bxf6 gxf6 16. Qxd5 (
16. Re1 d4 $11) 16... Qxd5 17. Bxd5 Rxe2 18. Rfc1 Rd8 19. Rd1 Kg7 20. b3 Rb2 {
1-0 Tregubov,P-Smikovski,I/Samara 2000/CBM 78 (42) black, obviously, has no
problems.}) 10... exd5 11. Nb3 Re8 12. Nd3 Nbd7 13. Bg5 ({of course not} 13.
Ndxc5 Bxe2 $19) 13... h6 $1 {Immediately getting rid of a potentially
unpleasant pin.} 14. Bxf6 Nxf6 15. Re1 Rc8 16. e3 (16. Rc1 Ne4 17. Bxe4 dxe4
18. Ndxc5 Qxd1 19. Rcxd1 bxc5 {with an equal endgame.}) 16... Ne4 17. Nbxc5
bxc5 18. Nf4 {[%csl Rd5]} Bb7 19. Qb3 Qb6 {after this move the position is
completely equal.} 20. Red1 Rcd8 21. Rac1 Qxb3 22. axb3 d4 $1 {the simplest
way to a draw.} 23. exd4 Rxd4 24. Re1 Rb8 25. Re3 Nf6 26. Bxb7 (26. Bxb7 Rxb7
27. Rxc5 Rd2 {white extra 'b' pawn is of no importance.}) 1/2-1/2

[Event "Dallas UTD"]
[Site "Dallas"]
[Date "2004.12.09"]
[Round "3"]
[White "Novikov, Igor A"]
[Black "Kujovic, Michal"]
[Result "1-0"]
[WhiteElo "2588"]
[BlackElo "2360"]
[Annotator "Gershon,A"]
[PlyCount "87"]
[EventDate "2004.12.07"]
[EventType "tourn"]
[EventRounds "9"]
[EventCountry "USA"]
[EventCategory "10"]
[SourceTitle "CBM 105"]
[Source "ChessBase"]
[SourceDate "2005.04.11"]
[SourceVersion "1"]
[SourceVersionDate "2005.04.11"]
[SourceQuality "1"]

1. d4 Nf6 2. c4 e6 3. Nf3 b6 4. g3 Ba6 5. b3 Bb4+ 6. Bd2 Be7 7. Nc3 d5 8. cxd5
exd5 9. Bg2 c5 $146 {Usually Black tries to complete his development first} (
9... O-O 10. O-O Bb7 11. Qc2 (11. Rc1 Na6 (11... Re8 12. Ne5 Nbd7 13. Bf4 c6
14. e4 Nf8 15. exd5 cxd5 16. Bh3 Ba3 17. Rc2 a6 18. Ne2 Ne6 19. Be3 Ne4 20. Nf4
N4g5 21. Bf5 g6 22. Nxe6 Nxe6 23. Bh3 $14 {1-0 Epishin,V-Shengelia,D/Deizisau
2003/CBM 93 ext (46)}) 12. Ne5 Qc8 13. Nd3 h6 14. Qc2 Rd8 15. Qb2 Ne4 16. Be3
c5 17. Na4 Bf6 18. Qa3 Bc6 19. dxc5 $6 {[%csl Ra3]} b5 20. Nab2 $2 (20. f3 Ng5
(20... bxa4 21. fxe4 dxe4 22. Nf2 $14) 21. Nc3 d4 22. Bxg5 Bxg5 23. f4 $13)
20... b4 21. Qa5 Re8 $19 {1/2-1/2 Epishin,V-Grooten,H/Creon 2002/CBM 89 ext 
(63)}) 11... Nbd7 (11... Na6 12. Rad1 h6 13. Ne5 c6 14. Rfe1 Re8 15. Nd3 Nb4
16. Nxb4 {1/2-1/2 Shariyazdanov,A-Loginov,V/Samara 2000/CBM 78}) 12. Rfd1 Re8
13. Bf4 c6 14. Ne5 Nh5 15. Bc1 {1/2-1/2 Van Wely,L-Riazantsev,A/Moscow 2002/
CBM 88}) 10. O-O (10. dxc5 $5 bxc5 11. Ne5 {[%csl Rb8]} Bb7 12. Bf4 $14) 10...
Nc6 11. Be3 Rc8 12. Rc1 {White puts pressure on the 'c' pawn that black
advanced a bit prematurely.} O-O 13. Bh3 $1 {[%csl Rc8] the black rook has no
good square to move now.} Rc7 (13... Ra8 14. Re1) 14. Bf4 Rb7 {[%csl Rb7] At
first sight, by far not the most fortunate place for a rook, although, in some
cases (e.g after dxc5 bxc5) it might become active.} 15. Re1 Re8 16. Bg2 {
After disturbing black rook's position, the bishop can go back now.} h6 $2 {
Too slow. Black must take care of his central pawns.} (16... Ne4 $1 {and black
seems to be ok:} 17. Ne5 $5 (17. dxc5 $2 Bxc5 18. Nxe4 dxe4 19. Qxd8 Nxd8 {
and black is more than ok}) 17... Nxd4 18. e3 Nxc3 19. Rxc3 Nb5 20. Rc2 Nc7 21.
Nc6 Qd7 22. Nxe7+ Qxe7 23. Rd2 {draw should be the most likely result}) 17. Ne5
Nxd4 18. e3 {Now black is short of the defensive resource: Nxc3, which he
would have, had he played 16...Ne4} g5 (18... Ne6 19. Nxd5 Nxf4 20. exf4 {
[%csl Rb7,Re7][%cal Gg2b7,Ye5c6,Yc6e7]}) 19. Bxg5 Ne2+ (19... hxg5 20. exd4 Bf8
21. dxc5 Rbe7 22. Bxd5 $1 Nxd5 (22... Rxe5 23. Rxe5 Rxe5 24. Bxf7+ $18) 23.
Qxd5 Qxd5 $140 $2 24. Nxd5 Rxe5 25. Nf6+ $18) 20. Nxe2 hxg5 21. Nc3 {[%csl Rd5]
The weakness of 'd5' combined with a weak king side will decide the game in
white's favor} Qd6 22. Ng4 $1 {Such simple moves sometimes save many efforts
when converting advantage into a full point. White exchanges the only Black
piece that could cover both 'd5' and the king side} Nxg4 (22... Rd7 23. Nxf6+
Bxf6 24. Nxd5 $18) 23. Qxg4 Qe6 24. Qd1 (24. Qh5 $142 {[%cal Gg2h3,Gg2d5] I
like this more, keeping the queen near black king, thus creating black
additional headache.} Rd8 25. Rcd1) 24... Rd7 25. Bxd5 Qd6 26. Qf3 $18 {
[%csl Rf7] Black position is simply falling apart now.} Rf8 27. Bc6 {White
plays very precisely.} Rdd8 28. Rcd1 Qf6 (28... Qe6 29. Nd5 {is of little
difference compared to the game.}) 29. Nd5 $1 Qe5 (29... Qxf3 30. Nxe7+ Kg7 31.
Bxf3) 30. Qf5 {Tactical blows land on black pieces from every possible
direction} Qd6 ({more stubborn was:} 30... Bd6) 31. h4 {The last defender is
removed now, and black collapses} Bc8 32. Nxe7+ Qxe7 33. Qxg5+ {Two pawns is a
comfortable enough advantage to take into an endgame. The rest needs no
comment.} Qxg5 34. hxg5 Be6 35. e4 c4 36. bxc4 Bxc4 37. a3 b5 38. Kg2 a5 39.
Rb1 Rb8 40. Rec1 Rfd8 41. Rb2 Rdc8 42. Bxb5 a4 43. Rb4 Bxb5 44. Rxb5 1-0

[Event "EU-ch 1st"]
[Site "Saint Vincent"]
[Date "2000.07.04"]
[Round "2"]
[White "Timman, Jan H"]
[Black "Gershon, Alik"]
[Result "1/2-1/2"]
[WhiteElo "2639"]
[BlackElo "2502"]
[Annotator "Gershon,A"]
[PlyCount "87"]
[EventDate "2000.07.03"]
[EventType "swiss"]
[EventRounds "11"]
[EventCountry "ITA"]
[SourceTitle "CBM 078"]
[Source "ChessBase"]
[SourceDate "2000.10.18"]
[SourceVersion "1"]
[SourceVersionDate "2000.10.18"]
[SourceQuality "1"]

1. d4 Nf6 2. c4 e6 3. Nf3 b6 4. g3 Ba6 5. b3 Bb4+ 6. Bd2 Be7 7. Bg2 c6 8. Bc3
d5 9. Ne5 Nfd7 (9... Ne4 10. O-O O-O 11. Bb2 Bb7 12. Qc2 f5 13. Nc3 Nd7 14.
cxd5 cxd5 15. Nxe4 Nxe5 16. Nf6+ Rxf6 17. dxe5 Rf7 18. Rac1 Rc8 19. Qd2 Bc5 20.
Rc2 Rfc7 21. Rfc1 Bb4 22. Qd1 Rxc2 23. Rxc2 Rxc2 24. Qxc2 Qc8 {1/2-1/2
Skembris,S-Sokolov,A/Bar 1997/CBM 63 (24)}) 10. Nxd7 Nxd7 11. Nd2 Rc8 (11...
O-O 12. O-O Rc8 (12... Nf6 13. e4 b5 14. Re1 dxe4 15. cxb5 (15. Qc2 Rc8 16.
Rad1 Nd5 17. Bxe4 Nxc3 18. Qxc3 Bf6 19. c5 Bxd4 20. Qc2 f5 21. Bg2 Qf6 22. b4
Rcd8 23. Nf3 Bc3 24. Re3 Rxd1+ 25. Qxd1 Bc8 26. Qb3 Ba1 27. Ne1 Kh8 28. Nc2 $44
{1-0 Karpov,A-Ehlvest,J/Bali INA 2000/The Week in Chess 286 (83)}) 15... cxb5
16. Nxe4 Nd5 17. Bb2 Qb6 {1/2-1/2 Zoler,D-Huzman,A/Ramat Aviv ISR 2000/The
Week in Chess 273 (17)}) 13. e4 b5 14. Re1 dxc4 15. bxc4 bxc4 16. Qa4 Bb5 17.
Qc2 Re8 18. a4 Ba6 19. Rad1 (19. Rac1) 19... Bf8 20. Nf1 Rb8 21. Ne3 Bb4 22. d5
exd5 23. exd5 c5 24. d6 Bxc3 25. Qxc3 Rb3 $17 {0-1 Sturua,Z-Shariyazdanov,A/
Biel SUI 2000/The Week in Chess 300 (82)}) 12. O-O Nf6 {Black postpones the
castle, preparing trying to press on white's center instead.} 13. e4 dxe4 $146
({worse is:} 13... b5 14. Re1 dxe4 15. Bf1 $1 b4 16. Bb2 c5 17. Bg2 Rc7 18.
Nxe4 Nxe4 19. Bxe4 Bf6 20. a3 Bb7 21. axb4 Bxe4 22. Rxe4 cxd4 23. Qd3 O-O 24.
b5 Qd7 25. Ra6 $16 {1-0 Neverov,V-Sarwat,W/Tanta 1997/EXT 98 (56)}) 14. Nxe4
Nxe4 15. Bxe4 b5 16. Qf3 (16. Qe2 $5 bxc4 17. bxc4 Bf6 (17... c5 18. Rad1 $1 (
18. d5 exd5 19. Bxd5 $4 Qxd5) 18... cxd4 (18... O-O 19. d5 $40) 19. Bxd4 (19.
Rxd4 Qc7 $13 {[%cal Ge7f6,Ge8g8]}) 19... Bxc4 20. Qg4 Bf6 21. Bb7 Bxf1 22. Bxf6
Qxf6 23. Qa4+ Kf8 24. Bxc8 $18) 18. Rfd1 O-O $132) 16... O-O 17. Bxc6 bxc4 18.
b4 {the only way to fight for advantage} Qb6 19. d5 exd5 20. Bxd5 Bf6 $5 {
black wants to trade the Q's even if it means detroying his own kingside
structure. The reason is the passed 'c' pawn which suddenly becomes very
strong.} 21. Bxf6 Qxf6 22. a4 $1 {The tempo is more important than doubled 'f'
pawns.} (22. Qxf6 gxf6 23. a4 c3 (23... Rfd8 $143 24. Bf3 $1 (24. Be4 c3 25. b5
Rc4 $36)) 24. b5 Rc5 25. Bf3 Bc8 $36) 22... Qxf3 23. Bxf3 Rc7 24. Rac1 Rfc8 25.
Rfd1 g6 26. Rc3 Bb7 27. Kg2 (27. Be2 $142 $5 {[%cal Gd1d4]} Re8 28. Rxc4 Rxc4
29. Bxc4 Re4 30. Rd8+ Kg7 31. Rd7 Re1+ 32. Bf1 Bf3 33. Rd2 $18) 27... Bxf3+ 28.
Kxf3 Rb7 29. Rb1 (29. b5 a6 30. bxa6 Rb4 $1 31. a5 Ra4 32. Rdc1 Kg7 $11 (32...
Rxa5 33. Rxc4 Rxc4 34. Rxc4 Rxa6 $11)) 29... a6 30. Ke2 {[%csl Rc4][%cal Gc3e3,
Ge2d2,Gd2c3]} Kg7 31. Kd2 Rd7+ 32. Kc2 f5 (32... Re8 33. Rxc4 Re2+ 34. Kc3 Rxf2
35. b5 {White's chances are much better since his pawn is far more dangerous
than the black one's and all his pieces are ready to support its movement.})
33. Re3 Kf6 34. Kc3 Rd6 35. f4 Rd5 36. b5 axb5 37. axb5 $2 {throws half a
point away} (37. Rxb5 $1 Rd1 (37... Rd6 38. a5 Ra6 39. Ree5 $16 {[%cal Ge5c5] /
+-}) 38. Rb6+ $16) 37... Rdc5 38. Re2 Rb8 39. Re5 Rxe5 40. fxe5+ Kxe5 41. Kxc4
Rc8+ $1 42. Kb3 g5 43. Re1+ Kd4 44. Re7 (44. Re7 f4 45. gxf4 gxf4 46. Rf7 Ke3
47. Re7+ Kf2 48. Rxh7 Rf8 49. b6 f3 50. b7 Kg2 51. Rf7 Rb8 52. Ka4 f2 53. Rg7+
Kxh2 54. Rf7 Kg2 55. Rg7+ Kf1 56. Ka5 $11) 1/2-1/2